00431nam a2200169Ia 4500003000900000008004100009020001800050040001600068080001300084245004400097260003300141300001400174650001900188650002300207650001100230700002000241IN-BaIIA211028s9999 xx 000 0 eng d a0-12-451850-8 cIIA Library a535bLIP 0aOptical transformscedited by H. Lipson aLondonbAcademic Pressc1972 axi, 436p. aNASA thesaurus aOptical transforms aOptics aLipson, H., ed.